Central Asia in the New Silk Road
Úloha, ktorú má Stredná Ázia (CA) v iniciatíve Belt and Road (BRI) Čínskej ľudovej republiky.
Gespeichert in:
| 1. Verfasser: | |
|---|---|
| Format: | Buchkapitel |
| Sprache: | Englisch |
| Schlagworte: | |
| Tags: |
Keine Tags, Fügen Sie das erste Tag hinzu!
|
MARC
| LEADER | 00000naa$a2200000$$$4500 | ||
|---|---|---|---|
| 001 | 0251122 | ||
| 005 | 20240502083718.2 | ||
| 041 | 0 | |a eng | |
| 044 | |a UA | ||
| 245 | 1 | 0 | |a Central Asia in the New Silk Road |c Juraj Ondriaš |
| 520 | |a Úloha, ktorú má Stredná Ázia (CA) v iniciatíve Belt and Road (BRI) Čínskej ľudovej republiky. | ||
| 610 | 2 | 0 | |a Čína |
| 610 | 2 | 0 | |a Belt and Road Initiative |
| 610 | 2 | 0 | |a stredná Ázia |
| 610 | 2 | 0 | |a obchod |
| 610 | 2 | 0 | |a obchod medzinárodný |
| 610 | 2 | 0 | |a rast hospodársky dlhodobý |
| 100 | 1 | |a Ondriaš, Juraj, 1988- | |